000 00487nam a2200193Ia 4500
005 20240823013551.0
008 240823s9999||||xx |||||||||||||| ||und||
020 _a81-7722-461-1
041 _aENGLISH
082 _A004.33 P4
100 _aPrasad K V K K
245 0 _a"Embedded / Real-Time Systems: Concepts,Design and Programming"
250 _a1st
260 _c2004
_b"Wiley,New "
500 _aYES
650 _aEmbedded
_bComputer Science
942 _cBK
999 _c167599
_d167599